La prueba ante la jurisprudencia: derecho civil y procesal civil
Uloženo v:
| Hlavní autor: | |
|---|---|
| Médium: | Kniha |
| Jazyk: | španělština |
| Vydáno: |
Santiago
Jurídica de Chile
2002
|
| Vydání: | 4a. ed |
| Témata: | |
| Tagy: |
Přidat tag
Žádné tagy, Buďte první, kdo vytvoří štítek k tomuto záznamu!
|
MARC
| LEADER | 00000nam a2200000 a 4500 | ||
|---|---|---|---|
| 001 | UCM3612 | ||
| 003 | CL-VaPUC | ||
| 008 | 020712e20020500CL |||||||||||||||||spa|d | ||
| 082 | 0 | 4 | |a 347.83060264 |b RIO |2 21 |
| 100 | 0 | |a Ríoseco Enríquez, Emilio |e author |9 470302 | |
| 245 | 1 | 3 | |a La prueba ante la jurisprudencia: derecho civil y procesal civil |
| 250 | |a 4a. ed | ||
| 300 | |a v | ||
| 942 | |c BK | ||
| 945 | |d 20020712 00:00:00 |a vberengu | ||
| 260 | |a Santiago |b Jurídica de Chile |c 2002 | ||
| 500 | |a v.1: Parte general y reglas comunes | ||
| 500 | |a Instrumentos públicos y privados | ||
| 500 | |a v.2: Testigos | ||
| 500 | |a Confesión de parte | ||
| 500 | |a Inspección personal del Tribunal | ||
| 500 | |a Informes de peritos | ||
| 500 | |a Presunciones | ||
| 650 | 0 | |a Prueba |9 256247 | |
| 650 | 0 | |a Jurisprudencia civil |9 255095 | |
| 650 | 7 | |a TESTIGOS |2 CL-VaPUC |9 470303 | |
| 650 | 0 | |a Procedimiento civil |9 254870 | |
| 651 | 7 | |a CHILE |2 CL-VaPUC |9 470304 | |
| 583 | |a last modification |c 20020712 00:00:00 |k Rodrigo Vera | ||
| 999 | |c 300820 |d 300818 | ||
| 952 | |0 0 |1 0 |4 0 |6 347_830602640000000_RIO_2002 |7 0 |8 A |9 359161 |a BIBDER |b BIBDER |d 2019-11-21 |h v.1 |i 382876K |l 2 |o 347.83060264 RIO 2002 |p 382876K |r 2024-04-30 |s 2024-04-30 |w 2019-11-21 |y BK |k DER | ||
| 952 | |0 0 |1 0 |4 0 |6 347_830602640000000_RIO_2002 |7 0 |8 A |9 359162 |a BIBDER |b BIBDER |d 2019-11-21 |h v.2 |i 3828778 |l 1 |o 347.83060264 RIO 2002 |p 3828778 |r 2024-04-30 |s 2024-04-30 |w 2019-11-21 |y BK |k DER | ||